000 00794nam a2200277 a 4500
001 12747
003 (BD-RjUL)
005 20211208235341.0
008 880808s1972 enka b 001 0 eng
020 _a0713123605
020 _a0713123613 (pbk)
035 _a(BD-RjUL)12797
040 _aDLC
_cDLC
_d(BD-RjUL)
_beng
041 _aeng
082 _223
_a591.5
_bMAI 1973
100 1 _aManning, Aubrey.
_939709
245 1 3 _aAn introduction to animal behaviour /
_cAubrey Manning
250 _a2nd ed
260 _aLondon :
_bEdward Arnold,
_cc1972 [reprinted 1973,1975]
300 _ax, 294 p. :
_bill. ;
_c23 cm
504 _aBibliography: p. [270]-289
650 0 _aAnimal behavior
_95684
830 0 _aContemporary biology
_9227186
942 _2ddc
_cBK
999 _c12747
_d12747